Edém koreňov cauda equina u pacientov s koreňovými syndrómami v dolných končatinách neurorádiologické aspekty

Bibliographic Details
Main Authors: Mihale, Jozef, 1938- (Author), Jágr, Jiří (Author), Záhon, Peter (Author), Slezák, Miroslav (Author), Belan, Víťazoslav (Author)
Format: Article
Language:Slovak
Subjects:

MARC

LEADER 00000nab a2200000 a 4500
001 vtls000649395
003 SK-MaSNL
005 20260304204933.0
008 250425c1998 xo 0 slo
015 |a SNBRA1998/01-00211 
035 |a CLN000001590 
035 |a urn:nbn:sk:snk-abhfq 
035 |a (urnnbn)urn:nbn:sk:snk:ar-a054md 
035 |a (uuid)13f9c34b-20ec-4a8e-bae6-997e14ccdea4 
040 |a SNKBUCL  |b slo  |c SNKBUCL  |e AACR2 
041 0 |a slo 
044 |a xo  |c SK 
080 |a 616.832.17  |2 1997 
245 0 0 |a Edém koreňov cauda equina u pacientov s koreňovými syndrómami v dolných končatinách  |b neurorádiologické aspekty  |c Jozef Mihale ... [et al.] 
300 |b Obr. 
504 |a Bibliogr. odkazy 
650 0 7 |a cauda equina  |2 SNK  |9 1278876 
650 0 7 |a koreňové syndrómy  |2 SNK  |9 209216 
650 0 7 |a dolné končatiny  |2 SNKPH  |9 28862 
655 7 |a články z novín a časopisov  |2 SNK  |9 267496 
700 1 |a Mihale, Jozef,  |d 1938-  |4 aut  |9 40355 
700 1 |a Jágr, Jiří  |4 aut  |9 6186 
700 1 |a Záhon, Peter  |4 aut  |9 1381315 
700 1 |a Slezák, Miroslav  |4 aut  |9 13046 
700 1 |a Belan, Víťazoslav  |4 aut  |9 493757 
773 0 |t Slovenský lekár  |g Roč. 8 (22), č. 1 (1998), s. 14-17  |x 1335-0234 
850 |a Slovenská národná knižnica 
852 |a Slovenská národná knižnica 
954 |a odborná, vedecká literatúra pôvodná (slovenská)  |2 lita 
958 |a article27 
958 |a NB 
958 |a OND 
958 |a EUIPO 
992 |a RBX 
999 |c 3118607  |d 3120537